00442nam a22001577a 450000500170000001000150001702000260003203500130005803700130007108200100008410000220009424500620011626000460017827000390022430000210026320151014115202.0 aENG-113702 a9788189430603c195.00 aEN-97234 bDBAD/PUB a133.5 aKriyananda, Swami aYour sun sign as a spiritual guide /cby Swami Kriyananda aGurgaonbAnanda Sangha Publicationsc2013 aB-108 DLF Phase IbGurgaone122002 a203p.c21cm(pbk)